| 000 | 00991nam a22002177a 4500 | ||
|---|---|---|---|
| 999 |
_c20231 _d20231 |
||
| 003 | AR-CdUCM | ||
| 008 | 190320b ||||| |||| 00| 0 spa d | ||
| 040 |
_aMUNICIPALIDAD PROVINCIAL DEL CUSCO _cBIBLIOTECA MUNICIPAL DEL CUSCO |
||
| 082 |
_22ed _a918.5 / _bT22 |
||
| 100 |
_aTarazona S, Justino M. _942292 |
||
| 245 |
_aDemarcación política del Perú : _brecopilación de leyes y decretos (1821-1967) / |
||
| 260 |
_aLima : _bImprenta de hacienda y comercio, _c1968. |
||
| 300 |
_a1057 páginas ; _c25 cm. |
||
| 440 |
_aDirección nacional de estadística y censos _942293 |
||
| 505 | _aContenido : V.1 : Breve reseña histórica de la demarcación política del Perú -- Reglamento provisional de 12 de febrero de 1821 que establece la demarcación del territorio actualmente ocupa el ejército libertador del Perú... | ||
| 650 |
_aHistoria del Peru. _9259 |
||
| 650 |
_aPolítica peruana. _91676 |
||
| 650 |
_aDemarcación territorial _942294 |
||
| 942 |
_2ddc _cLIBROS |
||
| 945 | _arcc | ||